Handbook of Blockchain

Saved in:
Bibliographic Details
Main Author: Duc A. Tran
Format: Book
Published: Springer
Subjects:
Tags: Add Tag
No Tags, Be the first to tag this record!

MARC

LEADER 00000nam a2200000Ia 4500
005 20260427112655.0
526 |b FinTech 
100 |a Duc A. Tran 
020 |a 9783031075346 
650 |a Blockchain 
526 |a Masters 
942 |c BK 
245 |a Handbook of Blockchain 
260 |b Springer 
999 |c 44  |d 44 
952 |0 0  |1 0  |4 0  |7 0  |8 3  |a BRISTOL  |b BRISTOL  |d 2026-04-22  |l 0  |p 000105  |r 2026-04-27 11:26:55  |w 2026-04-27  |y BK